000 00622nam a2200157 a 4500
001 000027823
005 20200930031126.0
008 110405s1983 dr 000 0 spa d
040 _aDO-SdBNP
_bspa
_cBNPHU
082 _axxxx
_bS471
111 2 _aSeminario estudio de la familia del medio urbano pobre
_d(1993, oct. 12-14:
_cSanto Domingo)
_954895
245 1 0 _aSeminario :
_bestudio de la familia del medio urbano pobre.
260 _aSanto Domingo :
_bConsejo Nacional para la Niñez (CONANI):
_bOrganización Panamericana de la Salud-Organización Mundial de la Salud,
_c1983.
300 _a79 h. ;
_c26 cm.
049 _aBNPD
999 _c27315
_d27315